| 000 -LEADER | |
|---|---|
| fixed length control field | 00394nam a22001457a 4500 |
| 005 - DATE AND TIME OF LATEST TRANSACTION | |
| control field | 20210827142537.0 |
| 008 - FIXED-LENGTH DATA ELEMENTS--GENERAL INFORMATION | |
| fixed length control field | 190910b xxu||||| |||| 00| 0 eng d |
| 020 ## - INTERNATIONAL STANDARD BOOK NUMBER | |
| ISBN | 978-81-85790-16-9 |
| 041 ## - LANGUAGE CODE | |
| Language code of text/sound track or separate title | eng |
| 100 ## - MAIN ENTRY--AUTHOR NAME | |
| Personal name | CHAUDHARI, M.R. KURKARNI, Y.A. AND GOKHALE, S.B. |
| 245 ## - TITLE STATEMENT | |
| Title | BIOCHEMISTRY AND CLINICAL PATHOLOGY |
| 260 ## - PUBLICATION, DISTRIBUTION, ETC. (IMPRINT) | |
| Place of publication | PUNE |
| Name of publisher | NIRALI PRAKASHAN |
| 300 ## - PHYSICAL DESCRIPTION | |
| Number of Pages | A.22p, |
| 942 ## - ADDED ENTRY ELEMENTS (KOHA) | |
| Koha item type | Books |
| Lost status | Damaged status | Collection code | Home library | Current library | Shelving location | Date acquired | Source of acquisition | Cost, normal purchase price | Accession Number | Koha item type |
|---|---|---|---|---|---|---|---|---|---|---|
| PHARMACY | JRU Library | JRU Library | Shelf - 21- H | 10/09/2019 | PURCHESS | 80.00 | 23480 | Books | ||
| PHARMACY | JRU Library | JRU Library | Shelf - 21- H | 10/09/2019 | PURCHESS | 80.00 | 23481 | Books | ||
| PHARMACY | JRU Library | JRU Library | Shelf - 21- H | 10/09/2019 | PURCHESS | 80.00 | 23482 | Books | ||
| PHARMACY | JRU Library | JRU Library | Shelf - 22- H | 10/09/2019 | PURCHESS | 80.00 | 23483 | Books |